000 01195nam a22002057a 4500
003 OSt
005 20260129002817.0
008 260128b |||||||| |||| 00| 0 eng d
020 _a9789710070008
040 _aDWCL GS library
_cOC
082 _aProf. 220.1 S211f 2023
100 _aSanchez, Bo
245 _ahow to live a life of miracles
_b7 keys to open yourself to blessings, wholeness, and happiness
_cBo Sanchez
260 _a Quezon city
_bshepherd's voice publications Inc.
_cc2008
300 _a112
_c22cm
520 _aDo you want more blessings and happiness in life? you can live a life of miracles everyday. In this powerful and often humorous book, bestselling author Bo Sanchez shares with you the Seven Life-changing keys that will open your life to God's abundant blessings. You'll learn that you're a miracle yourself, and that you're also living in a word of miracles. You'll discover that in God's universe, there is no shortage of miracles. But unless you open yourself to the world of miracles, you won't taste any of it.
546 _aEnglish
700 _aBo Sanchez
942 _2ddc
_cFIC.
_hProf. 220.1 S211f 2023
_n0
999 _c7924
_d7924